| 000 | 00676nam a22001937a 4500 | ||
|---|---|---|---|
| 008 | 120712s2008 cau|||||r|||| 00| 0 eng d | ||
| 082 |
_222 _a153.42 _bPAU |
||
| 100 |
_930630 _aPaul, Richard |
||
| 245 |
_aThe Thinker's Guide for Students and Faculty to Scientific Thinking / _cby Richard Paul and Linda Elder. |
||
| 300 |
_a64 p. ; _bill. : _c21 cm. |
||
| 500 | _aCover title | ||
| 500 | _a"Based on Critical Thinking Concepts & Principles." | ||
| 504 | _aIncludes bibliographical references. | ||
| 650 |
_921178 _aThought and thinking. |
||
| 653 |
_bPharmacy _cJuly2012 |
||
| 650 |
_929348 _aScience _xMethodology |
||
| 700 |
_930631 _aElder, Linda |
||
| 942 |
_2ddc _cBB |
||
| 999 |
_c16879 _d16879 |
||